[Event "IECC CL3-2012.03 email"]
[Site "IECC email"]
[Date "2012.04.14"]
[Round "?"]
[White "Rodrigues, Paulo Odonel"]
[Black "Van der Mark, Niels"]
[Result "1-0"]
[WhiteElo "1855"]
[BlackElo "1908"]
[PlyCount "61"]
[EventDate "2012.??.??"]
[EventType "tourn (corr)"]
[EventRounds "4"]
[SourceTitle "Telechess CBM 165"]
[Source "ChessBase"]
[SourceDate "2015.03.11"]
[SourceVersion "1"]
[SourceVersionDate "2015.03.11"]
[SourceQuality "1"]
[WhiteTeam "Brazil"]
[BlackTeam "Netherlands"]
[WhiteTeamCountry "BRA"]
[BlackTeamCountry "NED"]

1. e4 e5 2. Nf3 Nf6 3. Nxe5 d6 4. Nf3 Nxe4 5. d4 d5 6. Bd3 Bd6 7. 0-0 Bg4 8. c4 0-0 9. cxd5 f5 10. Nc3 Nd7 11. h3 Bh5 12. Nxe4 fxe4 13. Bxe4 Nf6 14. Bf5 Kh8 15. Be6 Bf7 16. Qb3 a5 17. Ne5 Bxe5 18. dxe5 Nxd5 19. Bxf7 Rxf7 20. Qxb7 Rb8 21. Qa7 Ra8 22. Qc5 Qd7 23. Bd2 Qe6 24. f4 a4 25. Rae1 g6 26. Re4 Rd7 27. Rd4 Kg7 28. Rd1 c6 29. Rc1 a3 30. bxa3 Rc8 31. a4 1-0

[Event "IECC CL2-2009.10 email"]
[Site "IECC email"]
[Date "2009.09.09"]
[Round "?"]
[White "Van der Mark, Niels"]
[Black "Futida, Souitiro"]
[Result "1/2-1/2"]
[WhiteElo "1939"]
[BlackElo "2213"]
[PlyCount "106"]
[EventDate "2009.??.??"]
[EventType "tourn (corr)"]
[EventRounds "4"]
[SourceTitle "Telechess CBM 137"]
[Source "ChessBase"]
[SourceDate "2010.07.15"]
[SourceVersion "1"]
[SourceVersionDate "2010.07.15"]
[SourceQuality "1"]
[WhiteTeam "Netherlands"]
[BlackTeam "Brazil"]
[WhiteTeamCountry "NED"]
[BlackTeamCountry "BRA"]

1. e4 c5 2. c3 Nf6 3. e5 Nd5 4. Nf3 Nc6 5. Bc4 Nb6 6. Bb3 d5 7. exd6 Qxd6 8. Na3 Be6 9. 0-0 Bxb3 10. axb3 Qd3 11. Re1 e6 12. Re3 Qd7 13. Nc4 Nd5 14. Re1 Be7 15. d4 cxd4 16. Nce5 Nxe5 17. Nxe5 Qc7 18. Qxd4 0-0 19. c4 Nb4 20. Qe4 f6 21. Nf3 e5 22. Rd1 Rfd8 23. Be3 a5 24. Nh4 Bf8 25. g4 g6 26. Kg2 Kh8 27. Nf3 Bg7 28. Rd2 Rac8 29. Rad1 Rxd2 30. Rxd2 Rf8 31. Nh4 Qc8 32. Rd6 Nc6 33. Bb6 Bh6 34. h3 Bg5 35. Nf3 Bf4 36. Nd4 Nxd4 37. Bxd4 Qc7 38. c5 b6 39. Bc3 bxc5 40. Qd5 Qa7 41. Rc6 Qa8 42. f3 Rc8 43. Rxc8+ Qxc8 44. Qd6 Kg8 45. Qxf6 Qd7 46. Qa6 Be3 47. Qe2 Bd4 48. Bxa5 Qd5 49. Qc2 Qb7 50. Qc4+ Qf7 51. Bc3 Qxc4 52. bxc4 Bxc3 53. bxc3 g5 1/2-1/2

[Event "IECC CL3-2008.12 email"]
[Site "IECC email"]
[Date "2009.01.01"]
[Round "?"]
[White "Van der Mark, Niels"]
[Black "Azevedo, Paulo JS"]
[Result "1/2-1/2"]
[WhiteElo "1873"]
[BlackElo "1845"]
[PlyCount "49"]
[EventDate "2008.??.??"]
[EventType "tourn (corr)"]
[EventRounds "4"]
[SourceTitle "Corr 2011"]
[Source "ChessBase"]
[SourceDate "2010.08.31"]
[SourceVersion "1"]
[SourceVersionDate "2010.08.31"]
[SourceQuality "1"]
[WhiteTeam "Netherlands"]
[BlackTeam "Portugal"]
[WhiteTeamCountry "NED"]
[BlackTeamCountry "POR"]

1. e4 e5 2. Nf3 Nc6 3. d4 exd4 4. Nxd4 Bc5 5. Be3 Qf6 6. c3 Nge7 7. Qd2 a6 8. Bc4 Qg6 9. 0-0 Ne5 10. Be2 Qxe4 11. f3 Qd5 12. f4 Nc4 13. Bxc4 Qxc4 14. b4 Bxd4 15. Bxd4 0-0 16. Re1 Nd5 17. Na3 Qc6 18. c4 Nf6 19. c5 Rd8 20. Nc4 Ne4 21. Qb2 f6 22. Qb3 d5 23. Rxe4 dxc4 24. Qxc4+ Qd5 25. Qxd5+ 1/2-1/2

[Event "IECC CL3-2008.09 email"]
[Site "IECC email"]
[Date "2008.09.10"]
[Round "?"]
[White "Van der Mark, Niels"]
[Black "Depasse, Jean Marc"]
[Result "1/2-1/2"]
[WhiteElo "1886"]
[BlackElo "1862"]
[PlyCount "49"]
[EventDate "2008.??.??"]
[EventType "tourn (corr)"]
[EventRounds "4"]
[SourceTitle "Corr 2013"]
[Source "ChessBase"]
[SourceDate "2012.11.12"]
[SourceVersion "1"]
[SourceVersionDate "2012.11.12"]
[SourceQuality "1"]
[WhiteTeam "Germany"]
[BlackTeam "Netherlands"]
[WhiteTeamCountry "GER"]
[BlackTeamCountry "NED"]

1. e4 e6 2. d4 d5 3. Nd2 Be7 4. Ngf3 Nf6 5. e5 Nfd7 6. c4 c5 7. cxd5 exd5 8. Bd3 Nc6 9. 0-0 cxd4 10. Re1 Nc5 11. Nb3 Nxb3 12. Qxb3 0-0 13. h3 a5 14. Bd2 a4 15. Qc2 g6 16. a3 Be6 17. Bh6 Re8 18. Qd2 Qb6 19. Rab1 Rac8 20. Bg5 Bc5 21. Bf6 Nb8 22. Nxd4 Nd7 23. Nf3 Nxf6 24. exf6 d4 25. Ne5 1/2-1/2

[Event "IECC CL3-2008.09 email"]
[Site "IECC email"]
[Date "2008.09.10"]
[Round "?"]
[White "Wajnberg, Piotr"]
[Black "Van der Mark, Niels"]
[Result "0-1"]
[WhiteElo "1799"]
[BlackElo "1874"]
[PlyCount "28"]
[EventDate "2008.??.??"]
[EventType "tourn (corr)"]
[EventRounds "4"]
[SourceTitle "Corr 2013"]
[Source "ChessBase"]
[SourceDate "2012.11.12"]
[SourceVersion "1"]
[SourceVersionDate "2012.11.12"]
[SourceQuality "1"]
[WhiteTeam "Germany"]
[BlackTeam "Netherlands"]
[WhiteTeamCountry "GER"]
[BlackTeamCountry "NED"]

1. d4 Nf6 2. c4 g6 3. Nc3 d5 4. cxd5 Nxd5 5. Bd2 Bg7 6. e4 Nb6 7. Be3 0-0 8. Be2 Nc6 9. Nf3 Bg4 10. d5 Bxf3 11. gxf3 Ne5 12. Qb3 c6 13. f4 Ned7 14. dxc6 bxc6 0-1

[Event "IECC Swiss-534"]
[Site "IECC email"]
[Date "2008.04.07"]
[Round "?"]
[White "Van der Mark, Niels"]
[Black "Young, Mark M"]
[Result "1-0"]
[WhiteElo "1867"]
[BlackElo "1650"]
[PlyCount "49"]
[EventDate "2008.??.??"]
[EventType "match (corr)"]
[SourceTitle "Corr 2013"]
[Source "ChessBase"]
[SourceDate "2012.11.12"]
[SourceVersion "1"]
[SourceVersionDate "2012.11.12"]
[SourceQuality "1"]
[WhiteTeam "Netherlands"]
[BlackTeam "Canada"]
[WhiteTeamCountry "NED"]
[BlackTeamCountry "CAN"]

1. e4 Nf6 2. e5 Nd5 3. d4 d6 4. Nf3 dxe5 5. Nxe5 c6 6. Bd3 Nd7 7. 0-0 Nxe5 8. dxe5 Nb4 9. Be4 Qxd1 10. Rxd1 f5 11. a3 fxe4 12. axb4 g6 13. Be3 Bg7 14. Ra5 a6 15. Bb6 Bf5 16. c4 Kf7 17. Nc3 Ke6 18. Re1 Bxe5 19. Nxe4 Bxb2 20. Ra2 Bf6 21. Nxf6+ Kxf6 22. Bd4+ Kf7 23. Bxh8 Rxh8 24. Rd2 e5 25. Rxe5 1-0

[Event "IECC CL3-2008.02 email"]
[Site "IECC email"]
[Date "2008.02.10"]
[Round "?"]
[White "Van der Mark, Niels"]
[Black "Sadler, Craig"]
[Result "1/2-1/2"]
[WhiteElo "1847"]
[BlackElo "1846"]
[PlyCount "70"]
[EventDate "2008.??.??"]
[EventType "tourn (corr)"]
[EventRounds "4"]
[SourceTitle "Corr 2013"]
[Source "ChessBase"]
[SourceDate "2012.11.12"]
[SourceVersion "1"]
[SourceVersionDate "2012.11.12"]
[SourceQuality "1"]
[WhiteTeam "Netherlands"]
[BlackTeam "US of America"]
[WhiteTeamCountry "NED"]
[BlackTeamCountry "USA"]

1. e4 e5 2. Nf3 Nc6 3. d4 exd4 4. Nxd4 Qh4 5. Nc3 Bb4 6. Be2 Qxe4 7. Ndb5 Bxc3+ 8. bxc3 Kd8 9. 0-0 Nf6 10. Re1 Re8 11. Be3 d6 12. Bf3 Qc4 13. Rb1 Bg4 14. Nxd6 cxd6 15. Qxd6+ Bd7 16. Rxb7 Rc8 17. Rd1 Re7 18. Qg3 Ne8 19. Bd5 Qe2 20. Rbb1 f6 21. Bc5 Re5 22. f4 Rf5 23. c4 Rb8 24. Rxb8+ Nxb8 25. Re1 Qd2 26. Bxa7 Na6 27. Be3 Qb4 28. a3 Qb2 29. Qf2 Qxa3 30. g4 Rxd5 31. cxd5 Bxg4 32. c4 Qb4 33. Bb6+ Nec7 34. Qe3 Kc8 35. Rc1 Kd7 1/2-1/2

[Event "IECC CL3-2007.13 email"]
[Site "IECC email"]
[Date "2007.12.03"]
[Round "?"]
[White "Von Rosenberg, Clemens"]
[Black "Van der Mark, Niels"]
[Result "1/2-1/2"]
[WhiteElo "1539"]
[BlackElo "1824"]
[PlyCount "52"]
[EventDate "2007.??.??"]
[EventType "tourn (corr)"]
[EventRounds "4"]
[SourceTitle "Corr 2015"]
[Source "ChessBase"]
[SourceDate "2015.07.17"]
[SourceVersion "1"]
[SourceVersionDate "2015.07.17"]
[SourceQuality "1"]
[WhiteTeam "Germany"]
[BlackTeam "Netherlands"]
[WhiteTeamCountry "GER"]
[BlackTeamCountry "NED"]

1. e4 e5 2. Nf3 Nf6 3. Nxe5 d6 4. Nf3 Nxe4 5. d4 d5 6. Bd3 Nc6 7. 0-0 Be7 8. c4 Nb4 9. Be2 0-0 10. a3 Nc6 11. cxd5 Qxd5 12. Nc3 Nxc3 13. bxc3 Bf5 14. c4 Qd6 15. Bb2 Bf6 16. Qd2 Rfe8 17. Rfe1 Rad8 18. d5 Ne5 19. Bc3 a6 20. Bb4 c5 21. Bc3 Nxf3+ 22. Bxf3 Bxc3 23. Qxc3 b5 24. g3 Bd7 25. Rxe8+ Rxe8 26. Rc1 Bh3 1/2-1/2

[Event "IECC CL4-2006.08 email"]
[Site "IECC email"]
[Date "2006.07.06"]
[Round "?"]
[White "Van der Mark, Niels"]
[Black "MacDonald, Weldon"]
[Result "0-1"]
[WhiteElo "1707"]
[BlackElo "1587"]
[PlyCount "86"]
[EventDate "2006.??.??"]
[EventType "tourn (corr)"]
[EventRounds "4"]
[SourceTitle "Corr 2015"]
[Source "ChessBase"]
[SourceDate "2015.07.17"]
[SourceVersion "1"]
[SourceVersionDate "2015.07.17"]
[SourceQuality "1"]
[WhiteTeam "Netherlands"]
[BlackTeam "US of America"]
[WhiteTeamCountry "NED"]
[BlackTeamCountry "USA"]

1. e4 c5 2. c3 d5 3. exd5 Qxd5 4. d4 Nf6 5. Nf3 Bg4 6. dxc5 Qxd1+ 7. Kxd1 Nc6 8. b4 a5 9. Bb5 axb4 10. Bxc6+ bxc6 11. cxb4 Nd5 12. Bd2 g6 13. a4 Bg7 14. Ra3 Rb8 15. Re1 Nxb4 16. Rb3 Na6 17. Rxb8+ Nxb8 18. Be3 0-0 19. Bg5 e6 20. Be7 Re8 21. Bd6 Nd7 22. Nbd2 Ra8 23. Re4 Bxf3+ 24. Nxf3 Bf8 25. Ke2 Nxc5 26. Bxc5 Bxc5 27. Ne5 Rb8 28. Kd3 Bxf2 29. Nxc6 Rb3+ 30. Kc4 Rb2 31. Kc3 Rb1 32. Re2 Bg1 33. h3 Kg7 34. a5 Kf6 35. Ra2 e5 36. a6 Rc1+ 37. Rc2 Ra1 38. Re2 Rxa6 39. Nxe5 Re6 40. Ng4+ Kg5 41. Ne5 Kf4 42. Nd3+ Kg3 43. Ra2 f5 0-1

[Event "IECC CL4-2005.14 email"]
[Site "IECC email"]
[Date "2005.12.28"]
[Round "?"]
[White "Van der Mark, Niels"]
[Black "Dooms, Stefan"]
[Result "1-0"]
[WhiteElo "1636"]
[BlackElo "1539"]
[PlyCount "59"]
[EventDate "2005.??.??"]
[EventType "tourn (corr)"]
[EventRounds "4"]
[SourceTitle "Corr 2008"]
[Source "ChessBase"]
[SourceDate "2008.06.24"]
[SourceVersion "1"]
[SourceVersionDate "2008.06.24"]
[SourceQuality "1"]

1. e4 Nf6 2. Nc3 d5 3. e5 d4 4. exf6 dxc3 5. fxg7 cxd2+ 6. Bxd2 Bxg7 7. Qf3 Bxb2 8. Bc4 e6 9. Rd1 Qf6 10. Qb3 Be5 11. Nf3 Nc6 12. Bg5 Bc3+ 13. Kf1 Qg7 14. Bh6 Qxh6 15. Qxc3 0-0 16. h4 Qg7 17. Qxg7+ Kxg7 18. Rh3 f6 19. Rg3+ Kf7 20. c3 Rg8 21. Rxg8 Kxg8 22. Nh2 Kf7 23. f4 a6 24. g4 b5 25. Bd3 h6 26. Be4 Bb7 27. Rd7+ Ke8 28. Rxc7 Nd8 29. Bxb7 Ra7 30. Bc6+ 1-0